000 00679nam a2200241Ia 4500
003 OSt
005 20221002051505.0
006 a|||||r|||| 00| 0
007 ta
008 220930b |||||||| |||| 00| 0 eng d
024 _a28884
037 _cReference Collections
040 _aCRL
_cCRL
_beng
041 _2eng
_aeng
082 _aG1:(P111:4k), L6(RR)
100 _aLapedes Daniel N Ed.
245 0 _aMcGraw-Hill dictionary of life sciences
260 _aNew York
_bMcGraw-Hill
_c1976
300 _a907+38p
_ccm.
650 _aBIOLOGY
942 _hG1:(P111:4k), L6(RR)
_cref
_2CC
999 _c916997
_d916997